Cardiac imaging and image processing / (Record no. 1893)
[ view plain ]
| 000 -LEADER | |
|---|---|
| fixed length control field | 01061pam a2200337 a 4500 |
| 003 - CONTROL NUMBER IDENTIFIER | |
| control field | OSt |
| 005 - DATE AND TIME OF LATEST TRANSACTION | |
| control field | 20210701114101.0 |
| 008 - FIXED-LENGTH DATA ELEMENTS--GENERAL INFORMATION | |
| fixed length control field | 850523s1986 nyua b 001 0 eng c |
| 020 ## - INTERNATIONAL STANDARD BOOK NUMBER | |
| International Standard Book Number | 0070579121 |
| 040 ## - CATALOGING SOURCE | |
| Transcribing agency | DLC |
| 050 10 - LIBRARY OF CONGRESS CALL NUMBER | |
| Classification number | RC683 |
| Item number | .C317 1986 |
| 060 ## - NATIONAL LIBRARY OF MEDICINE CALL NUMBER | |
| Classification number | WG 141 C2647 |
| 245 00 - TITLE STATEMENT | |
| Title | Cardiac imaging and image processing / |
| Statement of responsibility, etc. | edited by Steve M. Collins, David J. Skorton. |
| 260 ## - PUBLICATION, DISTRIBUTION, ETC. | |
| Place of publication, distribution, etc. | New York : |
| Name of publisher, distributor, etc. | McGraw-Hill Book Co., |
| Date of publication, distribution, etc. | c1986. |
| 300 ## - PHYSICAL DESCRIPTION | |
| Extent | xii, 451 p. : |
| Other physical details | ill. ; |
| Dimensions | 25 cm. |
| 504 ## - BIBLIOGRAPHY, ETC. NOTE | |
| Bibliography, etc. note | Includes bibliographies and index. |
| 650 #0 - SUBJECT ADDED ENTRY--TOPICAL TERM | |
| Topical term or geographic name entry element | Heart |
| General subdivision | Diseases |
| -- | Diagnosis. |
| 650 #0 - SUBJECT ADDED ENTRY--TOPICAL TERM | |
| Topical term or geographic name entry element | Imaging systems in medicine. |
| 650 #0 - SUBJECT ADDED ENTRY--TOPICAL TERM | |
| Topical term or geographic name entry element | Image processing |
| General subdivision | Digital techniques. |
| 650 #2 - SUBJECT ADDED ENTRY--TOPICAL TERM | |
| Topical term or geographic name entry element | Computers. |
| 650 #2 - SUBJECT ADDED ENTRY--TOPICAL TERM | |
| Topical term or geographic name entry element | Heart |
| General subdivision | radiography. |
| 650 #2 - SUBJECT ADDED ENTRY--TOPICAL TERM | |
| Topical term or geographic name entry element | Heart |
| General subdivision | radionuclide imaging. |
| 650 #2 - SUBJECT ADDED ENTRY--TOPICAL TERM | |
| Topical term or geographic name entry element | Heart Diseases |
| General subdivision | diagnosis. |
| 700 1# - ADDED ENTRY--PERSONAL NAME | |
| Personal name | Collins, Steve M. |
| 700 1# - ADDED ENTRY--PERSONAL NAME | |
| Personal name | Skorton, David J. |
| 906 ## - LOCAL DATA ELEMENT F, LDF (RLIN) | |
| a | 7 |
| b | cbc |
| c | orignew |
| d | 1 |
| e | ocip |
| f | 19 |
| g | y-gencatlg |
| 942 ## - ADDED ENTRY ELEMENTS (KOHA) | |
| Source of classification or shelving scheme | |
| Koha item type | Book |
| Suppress in OPAC | SO |
| Withdrawn status | Lost status | Source of classification or shelving scheme | Damaged status | Not for loan | Permanent Location | Current Location | Shelving location | Date acquired | Total Checkouts | Full call number | Barcode | Date last seen | Copy number | Price effective from | Koha item type | Public note | Source of acquisition |
|---|---|---|---|---|---|---|---|---|---|---|---|---|---|---|---|---|---|
| AU LIBRARY | AU LIBRARY | Open Shelf | 01.07.2021 | RC683 .C317 1986 C1 | 28003243 | 01.07.2021 | 1 | 01.07.2021 | Book | SO | |||||||
| AU LIBRARY | AU LIBRARY | Open Shelf | 01.07.2021 | RC683 .C317 1986 C2 | 28003244 | 01.07.2021 | 2 | 01.07.2021 | Book | SO | |||||||
| AU LIBRARY | AU LIBRARY | Open Shelf | 24.11.2021 | RC683 .C317 1986 C3 | 28004855 | 24.11.2021 | 3 | 24.11.2021 | Book | CM | DONATION FROM MOI UNIVERSITY | ||||||
| AU LIBRARY | AU LIBRARY | Open Shelf | 27.01.2022 | RC683 .C31 1986 C4 | 28004952 | 27.01.2022 | C4 | 27.01.2022 | Book | SM | DONATION FROM MOI UNIVERSITY | ||||||
| AU LIBRARY | AU LIBRARY | Open Shelf | 24.03.2022 | RC683 .C317 1986 C5 | 28006807 | 24.03.2022 | 5 | 24.03.2022 | Book | SM | DONATION FROM MOI UNIVERSITY | ||||||
| AU LIBRARY | AU LIBRARY | Open Shelf | 25.03.2022 | RC683 .C317 1986 C6 | 28007008 | 25.03.2022 | 6 | 25.03.2022 | Book | MM | DONATION FROM MOI UNIVERSITY |